000 00508nam a22001697a 4500
005 20260429091851.0
008 260429b |||||||| |||| 00| 0 eng d
020 _a978-1-133-78888-1
050 _aTR 899 .S73 2013
100 _aSTATEN, GREG.
245 _aMEDIA COMPOSER 6.PART 2- EFFECTS ESSENTIALS.
260 _aAUSTRALIA,
_bCENGAGE LEARNING,
_c2013.
300 _aXVI, 283 P
500 _aINCLUDES INDEX.
650 _a1. MEDIA COMPOSER.- VIDEOTAPES- EDITING- DATA PROCESSING.
942 _2lcc
_cBK
999 _c217068
_d217068